[Event "Beth Harmon Chessing on the Ceiling Tourney"]
[Site "SchemingMind.com"]
[Date "2020.11.28"]
[Round "-"]
[White "Steven DuCharme"]
[Black "ray winteringham"]
[Result "0-1"]
[WhiteCountry "USA"]
[BlackCountry "ENG"]
[WhiteElo "1581"]
[WhiteRD "62"]
[BlackElo "1512"]
[BlackRD "49"]
[GameID "462474"]

1. Nf3 d6 2. g3 e5 3. d3 Be6 4. Bg2 Nc6 5. O-O Be7 6. b3 h6 7. Bb2 Nf6 8. Nbd2 O-O 9. h3 Nh7 10. Kh2 f5
11. a3 Qd7 12. Ng1 g5 13. Re1 Nd8 14. Nf1 c5 15. f4 g4 16. fxe5 d5 17. h4 h5 18. e4 f4 19. gxf4 Bxh4 20. exd5 Bxe1
21. Qxe1 Bf5 22. Qh4 Bg6 23. e6 Nxe6 24. dxe6 Qxe6 25. Be5 Qd7 26. c4 Rae8 27. Bd5+ Bf7 28. Bxf7+ Qxf7 29. Ng3 Rxe5 30. fxe5 Qf2+
31. Kh1 Qb2 32. Nxh5 Qxa1 33. Nf6+ Nxf6 34. exf6 Qxf6 35. Qxg4+ Qg7 36. Qe6+ Kh8 37. Qe2 Rf6 38. Qe8+ Kh7 39. Qe4+ Kh8 40. Qe8+ Kh7
41. Qe4+ Rg6 42. Nf3 Kh8 43. Qe8+ Kh7 44. Qe4 Kh8 45. Qe8+ Kh7 46. Qe4 Qh6+ 47. Nh2 Qc1+
0-1

[Event "Beth Harmon Chessing on the Ceiling Tourney"]
[Site "SchemingMind.com"]
[Date "2020.11.28"]
[Round "-"]
[White "ray winteringham"]
[Black "Steven DuCharme"]
[Result "0-1"]
[WhiteCountry "ENG"]
[BlackCountry "USA"]
[WhiteElo "1512"]
[WhiteRD "49"]
[BlackElo "1581"]
[BlackRD "62"]
[GameID "462475"]

1. h3 b6 2. e4 Bb7 3. Nc3 e6 4. Bb5 a6 5. Ba4 Nf6 6. d3 Be7 7. f4 O-O 8. Nf3 b5 9. Bb3 d6 10. Bd2 Nbd7
11. a3 Nc5 12. Ba2 c6 13. b4 Na4 14. Nxa4 bxa4 15. c3 Rc8 16. Qxa4 d5 17. e5 Nd7 18. Qc2 a5 19. d4 axb4 20. axb4 Nb6
21. O-O Nc4 22. Bxc4 dxc4 23. Be3 Ra8 24. Qe2 Ba6 25. Nd2 Qd5 26. Ra5 Bb5 27. Nxc4 Bxc4 28. Rxd5 Bxe2
0-1

[Event "Beth Harmon Chessing on the Ceiling Tourney"]
[Site "SchemingMind.com"]
[Date "2020.12.06"]
[Round "-"]
[White "Steven DuCharme"]
[Black "Thomas Jacob Kelly"]
[Result "0-1"]
[WhiteCountry "USA"]
[BlackCountry "USA"]
[WhiteElo "1554"]
[WhiteRD "55"]
[BlackElo "1846"]
[BlackRD "72"]
[GameID "462956"]

1. Nf3 c5 2. e3 e6 3. d4 cxd4 4. exd4 b6 5. Be2 Nf6 6. O-O Bd6 7. h3 Qc7 8. c4 Bb7 9. b3 O-O 10. Bb2 Nc6
11. Nbd2 Ne7 12. a3 Ng6 13. Re1 Rfe8 14. Rc1 Rac8 15. c5 Bf8 16. cxb6 Qxb6 17. Nc4 Qa6 18. Nce5 Rxc1 19. Qxc1 Qb6 20. Nxg6 hxg6
21. b4 Rc8 22. Qb1 Nd5 23. Rc1 Nf4 24. Bd1 f5 25. Rxc8 Bxc8 26. g3 Nd5 27. Be2 Be7 28. Ne5 Kh7 29. g4 d6 30. Nf3 g5
31. gxf5 exf5 32. Bd3 g6 33. Bc1 Kg7 34. Kg2 Qd8 35. Qb3 Be6 36. Bc4 Qg8 37. Kh2 Nf4 38. d5 Bd7 39. Bxf4 gxf4 40. Ne5 dxe5
41. d6 Qf8 42. dxe7 Qxe7 43. Bd5 g5 44. Qc3 g4 45. Bc6 Bxc6 46. Qxc6 e4 47. Qc3+ Kh7 48. Qc5 Qxc5 49. bxc5 e3 50. c6 e2
51. c7 e1=Q 52. c8=Q Qxf2+ 53. Kh1 Qf1+ 54. Kh2 g3#
0-1

[Event "Beth Harmon Chessing on the Ceiling Tourney"]
[Site "SchemingMind.com"]
[Date "2020.12.05"]
[Round "-"]
[White "Thomas Jacob Kelly"]
[Black "Steven DuCharme"]
[Result "1-0"]
[WhiteCountry "USA"]
[BlackCountry "USA"]
[WhiteElo "1867"]
[WhiteRD "73"]
[BlackElo "1581"]
[BlackRD "62"]
[GameID "462957"]

1. e4 c6 2. d4 d5 3. e5 Bf5 4. Nf3 e6 5. Be3 h6 6. Be2 g5 7. Nbd2 Nd7 8. Nb3 g4 9. Ng1 h5 10. h3 gxh3
11. Nxh3 Qh4 12. Nd2 Bh6 13. g3 Qxh3 14. Rxh3 Bxh3 15. Bxh5 Bxe3 16. fxe3 Nh6 17. Qf3 O-O-O 18. O-O-O Rdf8 19. g4 Nxg4 20. Bxg4 Bxg4
21. Qxg4 Rfg8 22. Qf3 Rg6 23. e4 f5 24. exf5 exf5 25. Qxf5 Rgh6 26. e6 Nf6 27. e7+ Nd7 28. Re1 Re8 29. Nb3 Rf6 30. Qh5 Rf1
31. Qxe8+ Kc7 32. Qd8+
1-0

[Event "Beth Harmon Chessing on the Ceiling Tourney"]
[Site "SchemingMind.com"]
[Date "2020.12.05"]
[Round "-"]
[White "ray winteringham"]
[Black "Thomas Jacob Kelly"]
[Result "0-1"]
[WhiteCountry "ENG"]
[BlackCountry "USA"]
[WhiteElo "1512"]
[WhiteRD "49"]
[BlackElo "1867"]
[BlackRD "73"]
[GameID "462958"]

1. g3 d5 2. Bg2 c6 3. Nf3 Nf6 4. O-O Bf5 5. d3 e6 6. Bd2 Nbd7 7. a3 Qb6 8. b4 Bd6 9. c4 c5 10. b5 Ne5
11. a4 dxc4 12. dxc4 Nxc4 13. Nc3 O-O 14. h4 Nh5 15. Qe1 Nxd2 16. Qxd2 c4 17. a5 Qc5 18. Nd4 Rab8 19. Qe3 b6 20. a6 Bg4
21. Ne4 Qc7 22. Qg5 Be5 23. Nc6 Bxe2 24. Rfe1 Bxa1 25. Rxa1 f6 26. Qe3 Bd3 27. Nxf6+ Rxf6 28. Qg5 Rbf8 29. f3 Nxg3 30. Ne5 Ne2+
31. Kh1 Rf5 32. Qd2 Qxe5 33. Re1 Ng3+ 34. Kg1 Qd4+ 35. Kh2 c3 36. Qc1 Qf2
0-1

[Event "Beth Harmon Chessing on the Ceiling Tourney"]
[Site "SchemingMind.com"]
[Date "2020.12.05"]
[Round "-"]
[White "Thomas Jacob Kelly"]
[Black "ray winteringham"]
[Result "1-0"]
[WhiteCountry "USA"]
[BlackCountry "ENG"]
[WhiteElo "1867"]
[WhiteRD "73"]
[BlackElo "1512"]
[BlackRD "49"]
[GameID "462959"]

1. e4 d5 2. exd5 Qxd5 3. Nf3 f6 4. b3 e5 5. Nc3 Qd8 6. Bd3 Bg4 7. Be4 f5 8. Bxb7 e4 9. Bxa8 exf3 10. Bxf3 Qe7+
11. Be2 g6 12. f3 Bh5 13. Nb5 Bg7 14. Ba3 Bxa1 15. Bxe7 Nxe7 16. Qxa1 O-O 17. Bc4+ Rf7 18. Nxc7
1-0

[Event "Beth Harmon Chessing on the Ceiling Tourney"]
[Site "SchemingMind.com"]
[Date "2020.12.07"]
[Round "-"]
[White "Steven DuCharme"]
[Black "Transcendent"]
[Result "0-1"]
[WhiteCountry "USA"]
[BlackCountry "ENG"]
[WhiteElo "1571"]
[WhiteRD "55"]
[BlackElo "1984"]
[BlackRD "68"]
[GameID "462973"]

1. b3 e5 2. Bb2 Nc6 3. g3 d5 4. Bg2 Nf6 5. d3 Bc5 6. Nd2 Ng4 7. e3 Bxe3 8. Nh3 Bb6 9. O-O O-O 10. a3 Be6
11. c4 dxc4 12. Nxc4 Bd4 13. Bxc6 Bxb2 14. Nxb2 bxc6 15. Re1 f6 16. f3 Qd4+ 17. Kh1 Qxb2 18. Re2 Qd4 19. Re4 Nf2+ 20. Nxf2 Qxf2
21. Qe2 Qxe2 22. Rxe2 Bxb3 23. Rb1 Bd5 24. Kg1 Bxf3 25. Reb2 Kf7 26. Kf2 Bd5 27. Rb7 Rfc8 28. Ke3 Ke6 29. h3 Kd6 30. h4 c5
31. a4 Bxb7 32. d4 cxd4+
0-1

[Event "Beth Harmon Chessing on the Ceiling Tourney"]
[Site "SchemingMind.com"]
[Date "2020.12.07"]
[Round "-"]
[White "Transcendent"]
[Black "Steven DuCharme"]
[Result "1-0"]
[WhiteCountry "ENG"]
[BlackCountry "USA"]
[WhiteElo "1984"]
[WhiteRD "68"]
[BlackElo "1571"]
[BlackRD "55"]
[GameID "462974"]

1. d4 Nf6 2. c4 b6 3. f3 Bb7 4. e4 d6 5. Nc3 Nbd7 6. Be3 g6 7. Qd2 Bg7 8. Bd3 a6 9. Nge2 h5 10. Rc1 c5
11. O-O cxd4 12. Nxd4 Ne5 13. b3 Nxd3 14. Qxd3 O-O 15. Qd2 Kh7 16. Bg5 Ng8 17. f4 Bxd4+ 18. Qxd4 f6 19. Bh4 e5 20. fxe5 dxe5
21. Qxd8 Raxd8 22. Rcd1 Rd4 23. Bf2 Rxd1 24. Rxd1 Rf7 25. Bxb6 Bc6 26. Rd6 Bb7 27. Nd5 Bxd5 28. exd5 Rb7 29. Bd8
1-0

[Event "Beth Harmon Chessing on the Ceiling Tourney"]
[Site "SchemingMind.com"]
[Date "2020.12.06"]
[Round "-"]
[White "Transcendent"]
[Black "ray winteringham"]
[Result "1-0"]
[WhiteCountry "ENG"]
[BlackCountry "ENG"]
[WhiteElo "1677"]
[WhiteRD "115"]
[BlackElo "1512"]
[BlackRD "49"]
[GameID "462975"]

1. d4 d5 2. c4 e6 3. Nf3 Bb4+ 4. Bd2 Bxd2+ 5. Nbxd2 Ne7 6. e3 c6 7. Rc1 b6 8. Bd3 Bb7 9. O-O Nd7 10. cxd5 exd5
11. b4 Qc7 12. Re1 O-O-O 13. Nb3 g6 14. a4 a6 15. Qe2 h5 16. Bxa6 Bxa6 17. Qxa6+ Qb7 18. Qe2 Nb8 19. b5 f6 20. bxc6 Nexc6
21. a5 bxa5 22. Nxa5 Qd7 23. Nxc6 Nxc6 24. Rc5 Rde8 25. Rec1 Re6 26. Qa2 Rh7 27. Rxd5 Rd6 28. Rdc5 Kd8 29. Qa8+ Kc7 30. Qa7+ Kd8
31. Qxd7+ Rhxd7 32. Rxc6 Ke7 33. Nh4 g5 34. Nf5+ Ke6 35. Nxd6 Rxd6 36. Rxd6+ Kxd6 37. Rc5
1-0

[Event "Beth Harmon Chessing on the Ceiling Tourney"]
[Site "SchemingMind.com"]
[Date "2020.12.06"]
[Round "-"]
[White "ray winteringham"]
[Black "Transcendent"]
[Result "0-1"]
[WhiteCountry "ENG"]
[BlackCountry "ENG"]
[WhiteElo "1512"]
[WhiteRD "49"]
[BlackElo "1677"]
[BlackRD "115"]
[GameID "462976"]

1. g3 d5 2. Bg2 e5 3. e4 dxe4 4. Bxe4 Nf6 5. Bg2 Nc6 6. Ne2 Bd7 7. d3 Bc5 8. a3 Ng4 9. O-O O-O 10. c4 f5
11. b4 Nxf2 12. Rxf2 Bxf2+ 13. Kxf2 f4 14. Kg1 f3 15. Bxf3 Rxf3 16. Nec3 Nd4 17. Bb2 Qg5 18. Ne4 Qe3+ 19. Kh1 Bh3 20. Bxd4 Qxd4
21. Qxf3 Rf8 22. Qe2 Rf1+ 23. Qxf1 Bxf1
0-1

[Event "Beth Harmon Chessing on the Ceiling Tourney"]
[Site "SchemingMind.com"]
[Date "2020.12.06"]
[Round "-"]
[White "Transcendent"]
[Black "Thomas Jacob Kelly"]
[Result "1-0"]
[WhiteCountry "ENG"]
[BlackCountry "USA"]
[WhiteElo "1902"]
[WhiteRD "78"]
[BlackElo "1846"]
[BlackRD "72"]
[GameID "462977"]

1. d4 Nf6 2. c4 c5 3. d5 d6 4. Nc3 g6 5. g3 Bg7 6. Bg2 O-O 7. Nf3 Na6 8. O-O Nc7 9. e4 a6 10. a4 Bd7
11. e5 dxe5 12. Nxe5 Rb8 13. Be3 b6 14. Nc6 Bxc6 15. dxc6 Kh8 16. Re1 Ng8 17. Qxd8 Rfxd8 18. Rad1 h6 19. Bf4 Rxd1 20. Rxd1 e5
21. Be3 Ne7 22. Rd7 Nxc6 23. Bxc6 Ne8 24. Nd5 f6 25. Rb7
1-0

[Event "Beth Harmon Chessing on the Ceiling Tourney"]
[Site "SchemingMind.com"]
[Date "2020.12.06"]
[Round "-"]
[White "Thomas Jacob Kelly"]
[Black "Transcendent"]
[Result "0-1"]
[WhiteCountry "USA"]
[BlackCountry "ENG"]
[WhiteElo "1846"]
[WhiteRD "72"]
[BlackElo "1902"]
[BlackRD "78"]
[GameID "462978"]

1. e4 e6 2. d4 d5 3. Nd2 Nf6 4. e5 Nfd7 5. c3 c5 6. f4 Nc6 7. Ndf3 Qb6 8. b3 cxd4 9. cxd4 Bb4+ 10. Kf2 f6
11. Be3 O-O 12. Rc1 Ba3 13. Rc2 fxe5 14. dxe5 Bc5 15. Rxc5 Nxc5 16. Qc1 Ne4+ 17. Ke2 Qa6+ 18. Ke1 Qxa2 19. g3 Qxb3 20. Ne2 Nb4
21. Ned4 Nd3+ 22. Bxd3 Qxd3 23. Nc2 Bd7 24. Nfd4 Rac8 25. Qd1 Qc3+ 26. Kf1 Ba4
0-1

[Event "Beth Harmon Chessing on the Ceiling Tourney"]
[Site "SchemingMind.com"]
[Date "2020.12.16"]
[Round "-"]
[White "Steven DuCharme"]
[Black "Derek Price"]
[Result "0-1"]
[WhiteCountry "USA"]
[BlackCountry "ENG"]
[WhiteElo "1554"]
[WhiteRD "55"]
[BlackElo "2249"]
[BlackRD "74"]
[GameID "463464"]

1. c4 e5 2. g3 Nf6 3. Bg2 c6 4. Nc3 d5 5. cxd5 cxd5 6. b3 Nc6 7. Bb2 Be7 8. h3 O-O 9. a3 Be6 10. Nf3 e4
11. Ng5 Bf5 12. O-O h6 13. Nxf7 Rxf7 14. e3 Rc8 15. Rc1 a6 16. Ne2 Bd6 17. Nd4 Nxd4 18. exd4 Rxc1 19. Qxc1 Rc7 20. Bc3 Qc8
21. Re1 Bxh3 22. Re3 Bxg2 23. Kxg2 Ng4 24. Re1 Qf5 25. Rf1 Qf3+
0-1

[Event "Beth Harmon Chessing on the Ceiling Tourney"]
[Site "SchemingMind.com"]
[Date "2020.12.15"]
[Round "-"]
[White "Derek Price"]
[Black "Steven DuCharme"]
[Result "1-0"]
[WhiteCountry "ENG"]
[BlackCountry "USA"]
[WhiteElo "2249"]
[WhiteRD "74"]
[BlackElo "1554"]
[BlackRD "55"]
[GameID "463465"]

1. c4 c5 2. Nf3 Nc6 3. Nc3 Nf6 4. g3 b6 5. Bg2 Bb7 6. O-O Nd4 7. e3 Nxf3+ 8. Bxf3 Qc8 9. d4 e6 10. e4 cxd4
11. Qxd4 Bc5 12. Qd3 O-O 13. Bf4 d5 14. cxd5 exd5 15. exd5 Rd8 16. Rad1 a6 17. Rfe1 Bd6 18. Bg5 b5 19. Ne4 Be7 20. Bxf6 Bxf6
21. Nxf6+ gxf6 22. Re7 Re8 23. d6 Bxf3 24. Qxf3 Rxe7 25. dxe7
1-0

[Event "Beth Harmon Chessing on the Ceiling Tourney"]
[Site "SchemingMind.com"]
[Date "2020.12.15"]
[Round "-"]
[White "Derek Price"]
[Black "Transcendent"]
[Result "1/2-1/2"]
[WhiteCountry "ENG"]
[BlackCountry "ENG"]
[WhiteElo "2188"]
[WhiteRD "68"]
[BlackElo "2065"]
[BlackRD "62"]
[GameID "463466"]

1. c4 e5 2. Nc3 Bb4 3. Nd5 Bc5 4. Nf3 c6 5. Nc3 d6 6. e3 Qe7 7. d4 exd4 8. Nxd4 Nf6 9. Be2 O-O 10. O-O d5
11. cxd5 cxd5 12. b3 Nc6 13. Bb2 Nxd4 14. exd4 Bb4 15. Bd3 Bd7 16. a3 Ba5= 17. b4 Bc7 18. g3 Rac8 19. Re1 Qd8 20. Qb3 Bh3
21. Re2 Qd7 22. Rc1 h5 23. Nb5 Bb6 24. a4 a6 25. a5 Rxc1+ 26. Bxc1 Rc8 27. Bf4 Bd8 28. Nc3 Bc7 29. Bg5 Nh7 30. Bxh7+ Kxh7
31. Nxd5 Be6= 32. Qd3+ Bf5 33. Qf3 Bg4 34. Qe4+ Bf5 35. Qg2 Bh3 36. Qh1=
1/2-1/2

[Event "Beth Harmon Chessing on the Ceiling Tourney"]
[Site "SchemingMind.com"]
[Date "2020.12.16"]
[Round "-"]
[White "Transcendent"]
[Black "Derek Price"]
[Result "0-1"]
[WhiteCountry "ENG"]
[BlackCountry "ENG"]
[WhiteElo "2065"]
[WhiteRD "62"]
[BlackElo "2188"]
[BlackRD "68"]
[GameID "463467"]

1. d4 d5 2. c4 c6 3. Nf3 Nf6 4. e3 e6 5. b3 Nbd7 6. Bb2 Bd6 7. Bd3 O-O 8. O-O Ne4 9. Nc3 f5 10. Ne2 Qf6
11. Qc1 Qh6 12. Ne5 Bc7 13. f4 Nxe5 14. dxe5 Bb6 15. Bxe4 fxe4 16. Ba3 Rf5 17. Ng3 Rf7 18. Bd6= g5 19. c5 Bd8 20. Ne2 gxf4
21. Rxf4 Bg5 22. Rg4 Kh8 23. Nf4 Bd7 24. Qd2 Rg8 25. Rf1 Be8 26. g3 Rf5 27. Rxg5 Qxg5 28. Nxe6 Rxf1+ 29. Kxf1 Qf5+ 30. Nf4 h5
31. Qb2 h4 32. e6+ Kh7 33. Kg2 Bh5 34. Kf2= Bf3 35. Be7 hxg3+ 36. hxg3 Re8 37. Bh4 Bh5 38. e7 Qg4 39. Qd4 Qf3+ 40. Kg1 Bg4
41. Qf6 Qxe3+ 42. Kg2 Qd2+ 43. Kg1 Qe1+ 44. Kg2 Bf3+
0-1

[Event "Beth Harmon Chessing on the Ceiling Tourney"]
[Site "SchemingMind.com"]
[Date "2020.12.15"]
[Round "-"]
[White "Derek Price"]
[Black "ray winteringham"]
[Result "1-0"]
[WhiteCountry "ENG"]
[BlackCountry "ENG"]
[WhiteElo "2259"]
[WhiteRD "72"]
[BlackElo "1512"]
[BlackRD "49"]
[GameID "463468"]

1. c4 b5 2. cxb5 d5 3. Nf3 Bb7 4. e3 e6 5. Nc3 Nd7 6. d4 Bb4 7. Bd3 Ngf6 8. O-O Bxc3 9. bxc3 O-O 10. Qe2 c5
11. bxc6 Bxc6 12. Ba3 Re8 13. Rab1 Nb6 14. Ne5 Bb7 15. Bb5 Ne4 16. Rb3 Qc7 17. Bxe8 Rxe8 18. f3 Nxc3 19. Qc2 Nba4 20. Rc1 Rc8
21. Bc5 Nxc5 22. Rxc3
1-0

[Event "Beth Harmon Chessing on the Ceiling Tourney"]
[Site "SchemingMind.com"]
[Date "2020.12.15"]
[Round "-"]
[White "ray winteringham"]
[Black "Derek Price"]
[Result "0-1"]
[WhiteCountry "ENG"]
[BlackCountry "ENG"]
[WhiteElo "1512"]
[WhiteRD "49"]
[BlackElo "2259"]
[BlackRD "72"]
[GameID "463469"]

1. g3 Nf6 2. d3 c5 3. Bg2 d5 4. Nf3 Nc6 5. O-O e6 6. Bg5 Be7 7. Nbd2 h6 8. Bxf6 Bxf6 9. Rb1 O-O 10. b3 Bd7
11. c4 Nb4 12. a3 Na2 13. Qc2 Nc3 14. Rb2 Nxe2+ 15. Kh1 Bxb2 16. Qxb2 Qf6 17. Qxf6 gxf6 18. Re1 Nc3 19. a4 Rac8 20. h4 Bc6
21. Nf1 Rfd8 22. Rc1 Na2 23. Rc2 Nb4 24. Rd2 dxc4 25. dxc4 Rxd2 26. N1xd2 Kg7 27. Ne1 Rd8 28. Bxc6 Rxd2 29. Nf3 Rd1+
0-1

[Event "Beth Harmon Chessing on the Ceiling Tourney"]
[Site "SchemingMind.com"]
[Date "2020.12.15"]
[Round "-"]
[White "Derek Price"]
[Black "Thomas Jacob Kelly"]
[Result "1-0"]
[WhiteCountry "ENG"]
[BlackCountry "USA"]
[WhiteElo "2249"]
[WhiteRD "74"]
[BlackElo "1846"]
[BlackRD "72"]
[GameID "463470"]

1. c4 g6 2. Nf3 Nf6 3. g3 Bg7 4. Bg2 O-O 5. O-O d6 6. Nc3 c6 7. d4 Qa5 8. e4 Bg4 9. h3 Bxf3 10. Bxf3 Nbd7
11. Qe2 Rfc8 12. Bd2 a6 13. Rfd1 Ne8 14. Be3 b5 15. a3 bxc4 16. Qxc4 Nb6 17. Qd3 c5 18. dxc5 dxc5 19. Rac1 c4 20. Qe2 Na4
21. Nxa4 Qxa4 22. e5 Rab8 23. Bf4 e6 24. Rd4 Qb3 25. Rdxc4 Rxc4 26. Rxc4 Qxb2 27. Qxb2 Rxb2 28. Rc8 Kf8 29. Bc6 f5 30. Rxe8+ Kf7
31. Ra8 h6 32. Be8+ Ke7 33. Bxg6
1-0

[Event "Beth Harmon Chessing on the Ceiling Tourney"]
[Site "SchemingMind.com"]
[Date "2020.12.16"]
[Round "-"]
[White "Thomas Jacob Kelly"]
[Black "Derek Price"]
[Result "0-1"]
[WhiteCountry "USA"]
[BlackCountry "ENG"]
[WhiteElo "1768"]
[WhiteRD "78"]
[BlackElo "2181"]
[BlackRD "72"]
[GameID "463471"]

1. e4 c5 2. Nf3 d6 3. d4 cxd4 4. Nxd4 Nf6 5. Nc3 a6 6. Be3 e5 7. Nb3 Be6 8. f3 h5 9. Qd2 Nbd7 10. O-O-O Be7
11. Kb1 Rc8 12. Nd5 Bxd5 13. exd5 Nb6 14. Qa5 Qc7 15. c3 Bd8 16. Bxb6 g6 17. Bd3 Qxb6 18. Qxb6 Bxb6 19. Rhe1 Kf8 20. c4 Kg7
21. Re2 h4 22. Nd2 Nh5 23. Ne4 Rhd8 24. g3 Bd4 25. b3 Rd7 26. Bc2 Ba7 27. Rg2 Rh8 28. Rh1 Nf6 29. Nxf6 Kxf6 30. Re1 hxg3
31. hxg3 Bd4 32. Bd3 Rc7 33. f4 exf4 34. gxf4 Rh4 35. Rf1 Be3 36. f5 g5 37. Re2 Bc5 38. Kc2 Rc8 39. Kc3 Bd4+ 40. Kc2 Be5
41. Re4 Rch8 42. b4 Rxe4 43. Bxe4 Rh2+ 44. Kb3 Re2 45. Bc2 g4 46. Rg1 g3 47. c5 g2 48. Bd3 Rb2+ 49. Kc4 Bh2
0-1

[Event "Beth Harmon Chessing on the Ceiling Tourney"]
[Site "SchemingMind.com"]
[Date "2020.12.19"]
[Round "-"]
[White "Steven DuCharme"]
[Black "Chessibelle"]
[Result "1-0"]
[WhiteCountry "USA"]
[BlackCountry "ENG"]
[WhiteElo "1554"]
[WhiteRD "55"]
[BlackElo "1100"]
[BlackRD "59"]
[GameID "463566"]

1. Nf3 d6 2. g3 Nf6 3. Bg2 b6 4. O-O g6 5. Nd4 e5 6. Nc6 Qd7 7. Nxb8 Rxb8 8. b3 c5 9. Bb2 Be7 10. e4 Bb7
11. c3 Qc6 12. d3 d5 13. exd5 Qd6 14. c4 O-O 15. Re1 Nh5 16. Bxe5 Qd7 17. Bxb8 Rxb8 18. Bf3 Nf6 19. Nc3 Kg7 20. Ne4 a6
21. a4 h5 22. Nc3 Bd6 23. Ne4 Be5 24. h4 Bd4 25. Nxf6 Kxf6 26. Bxh5 Kg7 27. Ra2 Qf5 28. Bg4 Qxf2+ 29. Rxf2 Kh7 30. h5 g5
31. Kg2 Kh6 32. Rxf7 Bh8 33. Re6+
1-0

[Event "Beth Harmon Chessing on the Ceiling Tourney"]
[Site "SchemingMind.com"]
[Date "2020.12.19"]
[Round "-"]
[White "Chessibelle"]
[Black "Steven DuCharme"]
[Result "0-1"]
[WhiteCountry "ENG"]
[BlackCountry "USA"]
[WhiteElo "1100"]
[WhiteRD "59"]
[BlackElo "1554"]
[BlackRD "55"]
[GameID "463567"]

1. Nf3 Nf6 2. d4 d5 3. g3 e6 4. Bd2 c5 5. e3 a6 6. Be2 Be7 7. O-O b6 8. Nc3 Bb7 9. a3 Nbd7 10. Bd3 c4
11. Be2 Rc8 12. b3 cxb3 13. cxb3 Qc7 14. b4 O-O 15. Bd3 e5 16. Re1 e4 17. Be2 exf3 18. Bxf3 Qxc3 19. Bxc3 Rxc3 20. Qb1 Rfc8
21. Qb2 Rc2 22. Qb1 Ne4 23. Qb3 Nxf2 24. Kg2 R8c3 25. Qa4 Nd3+ 26. Be2 Bc6 27. b5 Bxb5
0-1

[Event "Beth Harmon Chessing on the Ceiling Tourney"]
[Site "SchemingMind.com"]
[Date "2020.12.19"]
[Round "-"]
[White "Derek Price"]
[Black "Chessibelle"]
[Result "1-0"]
[WhiteCountry "ENG"]
[BlackCountry "ENG"]
[WhiteElo "2259"]
[WhiteRD "72"]
[BlackElo "1133"]
[BlackRD "61"]
[GameID "463568"]

1. c4 e5 2. Nc3 a6 3. g3 d6 4. Bg2 Bd7 5. Bxb7 Ra7 6. Bg2 Be7 7. Nf3 Nf6 8. O-O O-O 9. d4 Nc6 10. dxe5 dxe5
11. Nxe5 Nxe5 12. Qd4 Nc6 13. Bxc6 Bd6 14. Bxd7 Ra8 15. Bc6 Rb8 16. Nd5 Qe8 17. Bxe8
1-0

[Event "Beth Harmon Chessing on the Ceiling Tourney"]
[Site "SchemingMind.com"]
[Date "2020.12.19"]
[Round "-"]
[White "Chessibelle"]
[Black "Derek Price"]
[Result "0-1"]
[WhiteCountry "ENG"]
[BlackCountry "ENG"]
[WhiteElo "1100"]
[WhiteRD "59"]
[BlackElo "2249"]
[BlackRD "74"]
[GameID "463569"]

1. Nf3 Nf6 2. d4 e6 3. Nc3 d5 4. g3 c6 5. Bd2 Nbd7 6. e3 Bd6 7. Be2 O-O 8. O-O e5 9. Bd3 e4 10. Be2 exf3
11. Bxf3 Re8 12. Bg2 Nf8 13. f4 Bf5 14. Ne2 Ng6 15. c3 Ng4 16. Rf3 Be4 17. Rf1 Bxg2 18. Kxg2 Nxe3+ 19. Bxe3 Rxe3 20. Qd2 Qe7
21. Rf2 Re8 22. Re1 Qe4+ 23. Kg1 f5 24. h3 Bxf4 25. gxf4 Nh4 26. Kh2 Nf3+ 27. Rxf3 Qxf3 28. Ng1 Qg3+ 29. Kh1 Rxe1 30. Qh2 Rxg1+
31. Qxg1 Qxh3+ 32. Qh2 Re1#
0-1

[Event "Beth Harmon Chessing on the Ceiling Tourney"]
[Site "SchemingMind.com"]
[Date "2020.12.21"]
[Round "-"]
[White "Transcendent"]
[Black "Chessibelle"]
[Result "1-0"]
[WhiteCountry "ENG"]
[BlackCountry "ENG"]
[WhiteElo "1902"]
[WhiteRD "78"]
[BlackElo "1100"]
[BlackRD "59"]
[GameID "463570"]

1. d4 d5 2. c4 Nf6 3. cxd5 Nxd5 4. Nf3 h6 5. e4 Nf6 6. Nc3 e6 7. Bd3 Nc6 8. Be3 Be7 9. O-O b6 10. Rc1 O-O
11. a3 Na5 12. b4 Nb7 13. Nb5 Qe8 14. Nxc7 Qd7 15. Nxa8 Bd6 16. e5 Be7 17. exf6 Bxf6 18. Nc7 Qe7 19. Bb1 Qd7 20. Qc2 g6
21. Bxh6 Rd8 22. h4 Kh7 23. Bg5 Qe7 24. Bxf6 Qxf6 25. h5 Rd6 26. Ne8 Qf4 27. hxg6+ Kh6 28. g7 Qg4 29. Qh7#
1-0

[Event "Beth Harmon Chessing on the Ceiling Tourney"]
[Site "SchemingMind.com"]
[Date "2020.12.21"]
[Round "-"]
[White "Chessibelle"]
[Black "Transcendent"]
[Result "0-1"]
[WhiteCountry "ENG"]
[BlackCountry "ENG"]
[WhiteElo "1133"]
[WhiteRD "61"]
[BlackElo "1677"]
[BlackRD "115"]
[GameID "463571"]

1. Nf3 d5 2. d4 Nf6 3. Nc3 Bf5 4. e3 e6 5. Bd2 c5 6. Be2 Nc6 7. O-O Be7 8. Re1 O-O 9. g3 Rc8 10. Na4 cxd4
11. exd4 Nb4 12. Rc1 Nxa2 13. Ra1 Bxc2
0-1

[Event "Beth Harmon Chessing on the Ceiling Tourney"]
[Site "SchemingMind.com"]
[Date "2020.12.19"]
[Round "-"]
[White "ray winteringham"]
[Black "Chessibelle"]
[Result "1-0"]
[WhiteCountry "ENG"]
[BlackCountry "ENG"]
[WhiteElo "1469"]
[WhiteRD "49"]
[BlackElo "1100"]
[BlackRD "59"]
[GameID "463572"]

1. e4 e5 2. Nf3 Nc6 3. Bc4 h6 4. d3 Nf6 5. Be3 Be7 6. Nc3 O-O 7. O-O d6 8. h3 Nh7 9. a3 Kh8 10. b4 f6
11. Nb5 f5 12. exf5 Bxf5 13. Bd5 Qd7 14. Bb3 Bd8 15. c4 Bf6 16. Rb1 Qf7 17. Nh2 a6 18. Nc3 Qg6 19. Kh1 Ne7 20. Bc2 c6
21. g4 Be6 22. d4 Qf7 23. Qd3 g6 24. Nf3 d5 25. c5 Rg8 26. dxe5 Bg7 27. Bd4 Qe8 28. Nh4 Bf7 29. f4 Rf8= 30. f5 Ng5
31. f6 Rg8 32. fxg7+ Kh7 33. Rbe1 Rxg7 34. e6 Nxe6 35. Bxg7 Kxg7 36. Rxe6 Bxe6 37. Ne2 Bf7 38. Nf4 Kh8 39. Nfxg6+ Kg8 40. Nxe7+ Qxe7
41. Qh7+ Kf8 42. Qh8#
1-0

[Event "Beth Harmon Chessing on the Ceiling Tourney"]
[Site "SchemingMind.com"]
[Date "2020.12.19"]
[Round "-"]
[White "Chessibelle"]
[Black "ray winteringham"]
[Result "0-1"]
[WhiteCountry "ENG"]
[BlackCountry "ENG"]
[WhiteElo "1133"]
[WhiteRD "61"]
[BlackElo "1512"]
[BlackRD "49"]
[GameID "463573"]

1. Nf3 b6 2. e3 Bb7 3. Be2 g6 4. O-O Bg7 5. d3 Nc6 6. b3 e6 7. c4 Bxa1 8. g3 Bg7 9. Ng5 Nh6 10. e4 Qe7
11. Bf4 O-O-O 12. a4 Rdf8 13. Qd2 f5 14. Qe3 Nf7 15. g4 h6 16. Nf3 fxg4 17. Nfd2 g3 18. Bxg3 g5 19. f4 Bd4
0-1

[Event "Beth Harmon Chessing on the Ceiling Tourney"]
[Site "SchemingMind.com"]
[Date "2020.12.19"]
[Round "-"]
[White "Chessibelle"]
[Black "Thomas Jacob Kelly"]
[Result "0-1"]
[WhiteCountry "ENG"]
[BlackCountry "USA"]
[WhiteElo "1133"]
[WhiteRD "61"]
[BlackElo "1867"]
[BlackRD "73"]
[GameID "463574"]

1. Nf3 c5 2. d3 d6 3. Bd2 Nc6 4. e4 Nf6 5. g3 g6 6. Be2 Bg7 7. O-O c4 8. Nc3 d5 9. Re1 Be6 10. b3 cxd3
11. Bxd3 dxe4 12. Nxe4 Nxe4 13. Be2 Bxa1 14. Qxa1 f6 15. Be3 Qc7 16. Bb5 O-O-O 17. a4 Kb8 18. h4 Nxg3 19. Kg2 Bd5 20. fxg3 Ne5
21. Kf2 Nxf3 22. Qd4 Nxd4 23. Bxd4 Qxc2+ 24. Be2 Bxb3 25. g4 Rxd4
0-1